| 000 | 00748nam a22002297a 4500 | ||
|---|---|---|---|
| 003 | DO-SdBNP | ||
| 005 | 20221110140746.0 | ||
| 007 | ta | ||
| 008 | 110301s2022 dr ao 000 0 spa d | ||
| 020 | _a9789945932904 | ||
| 040 |
_aDO-SdBNP _bspa _cBNPHU |
||
| 082 | 4 |
_axxxx _bxxx |
|
| 110 |
_aAsociación de Representantes, Agentes y Productores Farmacéuticos (ARAPF) _982793 |
||
| 245 | 1 | 0 |
_aManual de buenas prácticas / _cpresidente Henry Suárez |
| 260 |
_a[Santo Domingo] : _bARAPF, _c2022. |
||
| 300 |
_a46 p. : _bil., fot. _c23 cm. |
||
| 590 | _aInventariado, 2022/ YL | ||
| 700 | 1 | 2 |
_aSuárez, Henry _epres. _982794 |
| 710 | 1 | _aAsociación de Representantes, Agentes y Productores Farmacéuticos | |
| 910 | _aYLockward | ||
| 942 |
_2ddc _cLF2 |
||
| 999 |
_c52882 _d52882 |
||